000 00626nam a2200229Ia 4500
003 OSt
005 20220925220345.0
006 a|||||r|||| 00| 0
007 ta
008 220923b |||||||| |||| 00| 0 eng d
037 _cGeneral Book
040 _aRTL
_cRTL
_beng
041 _2eng
_aeng
082 _aX:8K, L0
100 _aWalker C J
_9267315
245 0 _aPrinciples of cost accounting
260 _aLondon
_bMacdonald UK
_c1970
300 _aviii, 368p. Appendices p207-363
_ccm.
650 _aCost Accuonts
_9232698
942 _hX:8K, L0
_cGB
_2CC
999 _c571197
_d571197